Nástup industry 4.0
Podstata Industry 4.0. Analýza veľkých dát (Big Data). Autonómne roboty. Dátové úložiská a cloudové systémy. Systémová integrácia. Aditívna výroba (3D tlač). Rozšírená realita (AR - Augmented Reality). Senzory a súvisiace technológie. Internet vecí- (IoT). Kybernetika a umelá inteligencia. Prínosy...
Gespeichert in:
| 1. Verfasser: | |
|---|---|
| Format: | Buchkapitel |
| Sprache: | Slowakisch |
| Schlagworte: | |
| Tags: |
Keine Tags, Fügen Sie das erste Tag hinzu!
|
MARC
| LEADER | 00000nla a2200000 4500 | ||
|---|---|---|---|
| 001 | 0246454 | ||
| 005 | 20260325131544.9 | ||
| 041 | 0 | |a slo | |
| 044 | |a SK | ||
| 245 | 1 | 0 | |a Nástup industry 4.0 |c Eliška Záležáková |
| 520 | |a Podstata Industry 4.0. Analýza veľkých dát (Big Data). Autonómne roboty. Dátové úložiská a cloudové systémy. Systémová integrácia. Aditívna výroba (3D tlač). Rozšírená realita (AR - Augmented Reality). Senzory a súvisiace technológie. Internet vecí- (IoT). Kybernetika a umelá inteligencia. Prínosy a riziká Industry 4.0. Vplyv Industry 4.0 na ľudské zdroje. Iniciatívy podporujúce Industry 4.0. | ||
| 610 | 2 | 0 | |a priemysel 4.0 |
| 610 | 2 | 0 | |a technológie informačné |
| 610 | 2 | 0 | |a technológie komunikačné |
| 610 | 2 | 0 | |a systémy informačné |
| 610 | 2 | 0 | |a digitalizácia |
| 610 | 2 | 0 | |a realita rozšírená |
| 610 | 2 | 0 | |a zdroje ľudské |
| 100 | 1 | |a Záležáková, Eliška | |